| 000 | 01081nam a2200253 a 4500 | ||
|---|---|---|---|
| 001 | 3403 | ||
| 003 | BD-RjUL | ||
| 005 | 20211208233727.0 | ||
| 008 | 150810s1993 bg b 001 0 eng d | ||
| 020 | _a98451160158 | ||
| 035 | _a(BD-RjUL)3437 | ||
| 040 |
_aBD-RjUL _cBD-RjUL _dBD-RjUL _bben |
||
| 041 | _aben | ||
| 082 |
_223 _a320.8095492 _bRAB 1993 |
||
| 100 |
_aরহমান, মোঃ মকসুদুর _9117128 |
||
| 245 |
_aবাংলাদেশের স্থানীয় স্বায়ত্তশাসন / _cমোঃ মকসুদুর রহমান |
||
| 250 | _a২য় সং. | ||
| 260 |
_aরাজশাহী : _bরাজশাহী বিশ্ববিদ্যালয় পাঠ্যপুস্তক প্রকাশনা বোর্ড, _c১৯৯৩. |
||
| 300 |
_a৩৮৭ পৃ. ; _c২১ সেমি. |
||
| 350 | _aRs35 | ||
| 650 |
_aস্থানীয় স্বায়ত্তশাসন _zবাংলাদেশ _9117442 |
||
| 650 |
_aLocal government _zBangladesh. _9117443 |
||
| 942 |
_2ddc _cBK _03 |
||
| 999 |
_c3403 _d3403 |
||